000
00348 a2200169 4500
001
182443
020
_a
040
_c
Magnum
100
_a
Melo Neto, Joao Cabral de
240
1
0
_a
Auto do frade
_l
por
245
1
0
_a
Auto do frade
300
_a
107
362
0
_a
1984
440
1
_a
Nova Fronteira
697
_a
LITERATURA GERAL
942
_c
BK
999
_c
182443
_d
182443